000 00739nam a22002297a 4500
005 20170124110223.0
010 _aA-459244
020 _c00.00
_a8185067635
035 _aA-459244
037 _bCen Lib/Ret
040 _aDPL
_bEN
082 _a792.8095431
_bBHA
100 _aBhagyalekshmy, S.
_940166
245 _aMusic and bharathanatyam /
_cby S. bhagyalekshmy
260 _aDelhi
_bSundeep Prakashan
_c1991
270 _bDelhi
_e110005
_a6191/1, dev nagar, karol bagh
300 _aviii, 127p.:
_c23cm(Hb)
_bill.
500 _aIncludes appendix, bibliographical references and index
650 _aMusic
_94778
650 _aBharathanatyam
_xClassical dance
_940167
942 _2ddc
_cEN
_h792.8095431
_mBHA
999 _c134236
_d134236